000 00987nam a22002177a 4500
003 BD-DhJNU
005 20260122043455.0
008 260122b |||||||| |||| 00| 0 eng d
040 _aBD-DhJNU
_bENG
_cBD-DhJNU
_dBD-DhJNU
082 _223
_a370.954 HAS
100 _aহালদার, গৌরদাস
242 _aHistory of education in India in the context of teaching /
_bProfessor Gouradas Haldar
245 _aশিক্ষণ প্রসঙ্গে ভারতীয় শিক্ষার ইতিহাস আধুনিক যুগ /
_cঅধ্যাপক গৌরদাস হালদার
246 _aShikkhon prsge varotio shikkhar itihas adhunik zug
250 _a4th ed
260 _aকলিকাতা ঃ
_bব্যানার্জী পাবলিশার্স,
_c2021.
300 _a৩৩১পৃঃ.।
_bচিত্র।
_c২২ সেমি.।
650 _aশিক্ষা
650 _aEducation
942 _2ddc
_cBK
_n0
999 _c2554
_d2554